Experiències Parc a taula
MARC
| LEADER | 00000nam a22000007a 4500 | ||
|---|---|---|---|
| 001 | 28485 | ||
| 003 | AGDB | ||
| 005 | 20260324181524.0 | ||
| 008 | 240415b spa||||| |||| 00| 0 cat d | ||
| 017 | |a B 12731-2023 | ||
| 040 | |a agdb |b cat | ||
| 110 | 1 | |a Barcelona (Catalunya : Província). |b Xarxa de Parcs Naturals |9 7250 | |
| 245 | |a Experiències Parc a taula | ||
| 260 | |a Barcelona : |b Diputació de Barcelona ; |c 2023 | ||
| 300 | |a 61 pàg. ; |b il·lustracions color ; |c 15 x 21 cm | ||
| 610 | 1 | 0 | |a Barcelona (Catalunya : Província). |b Xarxa de Parcs Naturals |x Activitats culturals |9 52895 |
| 650 | 0 | |a Turisme gastronòmic |9 44953 | |
| 650 | 0 | |a Parcs Naturals |z Barcelona (Catalunya : Província) |9 49557 | |
| 710 | 1 | |a Barcelona (Catalunya : Província). |b Gerència de Serveis d’Espais Naturals |9 52730 | |
| 710 | 1 | |a Barcelona (Catalunya : Província). |b Àrea d'Infraestructures i Espais Naturals |9 55815 | |
| 856 | |u https://parcs.diba.cat/documents/5268243/0/ExperienciesParcATaula.pdf/e8a2a9aa-cafa-478f-be87-1e5df9117741?t=1608624797234 |y Accés lliure (Portal de la Xarxa de Parcs Naturals) | ||
| 942 | |c ARXIU |2 udc |n 1 | ||
| 952 | |0 0 |1 0 |4 0 |6 BIB1164 |7 1 |9 96946 |a Arxiu |b Arxiu |d 2024-04-15 |l 0 |o Bib-1164 |p 28485 |r 2024-04-15 00:00:00 |w 2024-04-15 |y ARXIU | ||
| 999 | |c 128793 |d 128793 | ||